=LDR 00000nam 2200000 4500 =001 INLIS000000000030918 =005 20130612133027 =008 ***********************************ind** =035 ##$$0010-061300000030918 =041 ##$$a ind =082 ##$$a 813 k =090 ##$$a 813 k, Riy t =100 ##$$a Riyanto, Slamet =245 ##$$a The legen of putri anting pase, Slamet Riyanto =260 ##$$a 2009 $b Yogyakarta =300 ##$$a 68 hlm, ilus, 21 cm =650 ##$$a Fiksi Indonesia Anak-anak =850 ##$$a NBPNMAT